LEADER 01222nam a2200169 i 4500 001 000000218245 003 CaOOAMICUS 005 20130121000000.0 008 130121s1845 xx u000 u lat u 013 $a197142 040 $aSeMil$bita 245 10$aBullarii Romani continuatio summorum Pontificum Benedicti 14., Clementis 13., Clementis 14., Pii 6., Pii 7., Leonis 12., et Pii 8. :$bconstitutiones, litteras in forma brevis, epistolas ad principes viros et alios atque allocutiones complectens. 5. Clementis 14. continens pontificatum. 300 $a832 p. 773 0 $aBenedictus XIV $tBenedicti 14. Pont. Opt. Max. opera omnia in tomos 17 distributa.$bEditio novissima ad postremam remondinianam omnino exacta.$dPrati : Typographia Aldina, 1839-1852.$g19$w()27828 850 $aSeMil 852 $aSeMil$W1$xVenegono$y1$m2H IV 22 FA$j168658$B168658$CSeMilBibl$Z2$F179504 $8I 996 $6245$aBullarii Romani continuatio summorum Pontificum Benedicti 14., Clementis 13., Clementis 14., Pii 6., Pii 7., Leonis 12., et Pii 8. :$bconstitutiones, litteras in forma brevis, epistolas ad principes viros et alios atque allocutiones complectens. 5. Clementis 14. continens pontificatum$9(OLS)http://semarc/title/313426 LEADER 00754nam a2200205 i 4500 001 000000082072 003 CaOOAMICUS 005 20180315000000.0 008 180315s1981 it u000 u ita u 013 $a54312 020 $a88-01-14416-4 040 $aSeMil$bita 245 10$aApprofondimenti tematici e commento multidisciplinare. 300 $a344 p. 773 0 $tOggi credono cosė.$dLeumann (TO) : Elle Di Ci, 1981.$gVol.2$w()6119 850 $aSeMil 852 $aSeMil$W1$xVenegono$y1$m2C VI 297$j47188$B47188$CSeMilBibl$Z2$F49671 $81 961 $aRecupero: Seminario di Seveso 996 $6020$a88-01-14416-4$9(OLS)http://semarc/number/62998 996 $6245$aApprofondimenti tematici e commento multidisciplinare$9(OLS)http://semarc/title/404914